000
00231nam a2200085Ia 4500
245
0
_a
Gauteng : A-Z
100
_a
Fraser, Sean Cape Town, South Africa, 2011
_9
25096
942
_c
BK
008
210818s9999 xx 000 0 und d
999
_c
450152
_d
450151